[Event "36th Olympiad w"]
[Site "Calvia ESP"]
[Date "2004.10.17"]
[Round "3"]
[White "Dymshits,G"]
[Black "Batyte,D"]
[Result "1-0"]
[WhiteElo "2081"]
[BlackElo "2130"]
[EventDate "2004.10.15"]

1. e4 e5 2. Nf3 Nf6 3. Nxe5 d6 4. Nf3 Nxe4 5. d4 d5 6. Bd3 Nc6 7. c3 Be7 8.
O-O O-O 9. Nbd2 Nf6 10. Re1 Bd6 11. Qc2 Re8 12. Rxe8+ Qxe8 13. h3 Bd7 14.
Nf1 h6 15. Bd2 Qc8 16. N1h2 Ne7 17. Ne5 Bf5 18. Bxf5 Nxf5 19. Re1 Ne4 20.
f3 Neg3 21. Bf4 c5 22. Qd3 cxd4 23. cxd4 Nh5 24. Bd2 Nf6 25. Rc1 Qe6 26.
Nhg4 h5 27. Nf2 Nxd4 28. Qxd4 Bxe5 29. Qb4 b6 30. Re1 Qf5 31. f4 a5 32.
Qxb6 Bxf4 33. Bc3 Re8 34. Bxa5 d4 35. Rxe8+ Nxe8 36. Qxd4 Bg3 37. Bc3 Kh7
38. a4 f6 39. Ne4 Be5 40. Qe3 Bf4 41. Qd3 Qg6 42. Nf2 Nd6 43. Qxg6+ Kxg6
44. Kf1 Kf5 45. Ke2 Nb7 46. b4 Ke6 47. Kd3 Kd5 48. Ne4 f5 49. Nd2 g5 50.
Nf3 g4 51. Nh4 Nd6 52. Bd4 Bg3 53. Ng6 gxh3 54. gxh3 Nc4 55. Ne7+ Ke6 56.
Nxf5 Ne5+ 57. Ke4 Bh2 58. Ng7+ Kd6 59. Nxh5 Nf7 60. Bc5+ Kc6 61. h4 Be5 62.
Nf4 Bf6 63. h5 Bc3 64. Kf5 Nh6+ 65. Kg6 Ng4 66. h6 Ne5+ 67. Kf5 Nd7 68. Be7
Bb2 69. b5+ Kb6 70. Nd5+ Ka5 71. Nf6 Ne5 72. Bd8+ Kxa4 73. b6 Kb5 74. b7
Nc6 75. Bc7 Kc5 76. b8=Q 1-0

[Event "36th Olympiad w"]
[Site "Calvia ESP"]
[Date "2004.10.17"]
[Round "3"]
[White "Ivoskaite,D"]
[Black "Melnik,G"]
[Result "1-0"]
[WhiteElo "2043"]
[BlackElo "2083"]
[EventDate "2004.10.15"]

1. d4 d5 2. c4 e6 3. Nc3 Nf6 4. Bg5 Be7 5. e3 h6 6. Bh4 O-O 7. Nf3 b6 8.
Qb3 Bb7 9. Bxf6 Bxf6 10. cxd5 exd5 11. Rd1 c6 12. Bd3 Re8 13. O-O Ba6 14.
Bxa6 Nxa6 15. Qa4 Nb8 16. Rd2 Qd7 17. Rc1 a5 18. Ne2 Qd6 19. a3 Rc8 20. Qb3
Nd7 21. Nf4 a4 22. Qd1 b5 23. Nd3 Nb6 24. Nfe5 Nc4 25. Nxc4 bxc4 26. Nc5
Bd8 27. Nxa4 Rcb8 28. Nc3 Rb3 29. e4 Bg5 30. Rcc2 Bxd2 31. Rxd2 Rab8 32.
Qe2 Qd7 33. h3 Qb7 34. Nd1 Re8 35. e5 Qd7 36. Ne3 Qb7 37. f4 Rb8 38. Nd1
Qb6 39. Qf2 Qd8 40. Kh1 Qe7 41. Re2 Rd3 42. Ne3 Rxd4 43. Nf5 Rd1+ 44. Kh2
Qf8 45. Qg3 Kh7 46. Qg4 g6 47. Nh4 h5 48. Qf3 Rd3 49. Qf2 Rbb3 50. Nf3 c3
51. Ng5+ Kg7 52. e6 cxb2 53. Rxb2 f6 54. Qa7+ 1-0

[Event "36th Olympiad w"]
[Site "Calvia ESP"]
[Date "2004.10.17"]
[Round "3"]
[White "Sekulovska,V"]
[Black "Pina,S"]
[Result "1/2-1/2"]
[WhiteElo "2164"]
[BlackElo "2313"]
[EventDate "2004.10.15"]

1. d4 Nf6 2. c4 g6 3. Nc3 Bg7 4. e4 d6 5. f3 O-O 6. Be3 c5 7. Nge2 Nc6 8.
d5 Ne5 9. Ng3 e6 10. Be2 exd5 11. cxd5 h5 12. O-O a6 13. a4 Nh7 14. Qd2 h4
15. Nh1 g5 16. Nf2 Re8 17. g3 Ng6 18. Kg2 Bd7 19. Rg1 hxg3 20. hxg3 Rb8 21.
Rab1 b5 22. axb5 axb5 23. b4 c4 24. Bd4 Bxd4 25. Qxd4 Qf6 26. Qxf6 Nxf6 27.
Ra1 Ra8 28. Rgb1 Reb8 29. Nfd1 Ne8 30. Ne3 Nc7 31. Nc2 Kg7 32. Nd4 Kf6 33.
Kf2 Ke5 34. Ke3 Nf4 35. Nc2 Ng6 36. Nd4 Rh8 37. f4+ gxf4+ 38. gxf4+ Kf6 39.
Rxa8 Rxa8 40. Nc2 Rh8 41. Ra1 Ra8 42. Rxa8 Nxa8 43. Nd4 Nc7 44. Bf3 1/2-1/2

[Event "36th Olympiad w"]
[Site "Calvia ESP"]
[Date "2004.10.17"]
[Round "3"]
[White "Basem Hassan,M"]
[Black "Vega Gutierrez,S"]
[Result "0-1"]
[WhiteElo "2050"]
[BlackElo "2225"]
[EventDate "2004.10.15"]

1. e4 c5 2. Nc3 e6 3. g3 d5 4. Bg2 dxe4 5. Nxe4 Nc6 6. d3 Be7 7. Nf3 Nf6 8.
Nc3 O-O 9. O-O Nd5 10. Nxd5 exd5 11. d4 Bg4 12. c3 Qd7 13. Qd3 c4 14. Qc2
Bf5 15. Qd1 Be4 16. Bf4 Qf5 17. Re1 Rfe8 18. Qd2 Bxf3 19. Bxf3 g5 20. Rxe7
Nxe7 21. Bxg5 Qxf3 22. Bxe7 Rxe7 23. Qg5+ Kf8 24. Qh6+ Ke8 25. Qxh7 Kd7 26.
Qh3+ Kc7 27. Qh4 Rae8 28. Rf1 Re1 29. Qh3 R8e2 30. Qg2 Rxf1+ 31. Qxf1 Rd2
0-1

[Event "36th Olympiad w"]
[Site "Calvia ESP"]
[Date "2004.10.17"]
[Round "3"]
[White "Pacheco,H"]
[Black "Gutierrez Castillo,P"]
[Result "0-1"]
[WhiteElo "1984"]
[BlackElo "2119"]
[EventDate "2004.10.15"]

1. d4 d5 2. Nf3 e6 3. e3 Nf6 4. Bd3 c5 5. b3 Qb6 6. O-O Nc6 7. a3 Bd7 8.
Nbd2 cxd4 9. exd4 Nxd4 10. Bb2 Nxf3+ 11. Nxf3 Be7 12. Ne5 Bb5 13. c4 dxc4
14. Nxc4 Bxc4 15. Bxc4 O-O 16. Qe2 Rfd8 17. Rad1 Rxd1 18. Rxd1 Rd8 19.
Rxd8+ Qxd8 20. h3 a6 21. a4 Bc5 22. Qe5 Qd1+ 23. Bf1 Bd6 24. Qc3 Bf8 25.
Qg3 Ne4 26. Qd3 Nd2 27. Qe2 Qxf1+ 28. Qxf1 Nxf1 29. Kxf1 f6 30. Bd4 e5 31.
Be3 Kf7 32. Ke2 Ke6 33. Kd3 Kd5 34. f3 Bc5 35. Bd2 f5 36. Bc3 g6 37. b4 e4+
38. fxe4+ fxe4+ 39. Ke2 Kc4 40. bxc5 Kxc3 41. Ke3 Kc4 42. Kxe4 Kxc5 43. Kf4
b5 44. axb5 axb5 0-1

[Event "36th Olympiad w"]
[Site "Calvia ESP"]
[Date "2004.10.17"]
[Round "3"]
[White "Mouradian,K"]
[Black "Berezina,I"]
[Result "1/2-1/2"]
[WhiteElo "2119"]
[BlackElo "2281"]
[EventDate "2004.10.15"]

1. e4 c6 2. d4 g6 3. Nf3 Bg7 4. Be2 d6 5. Nc3 Nf6 6. O-O O-O 7. h3 b5 8. a3
a6 9. Be3 Qc7 10. e5 dxe5 11. Nxe5 Nfd7 12. Nxd7 Nxd7 13. Bd3 Bb7 14. Re1
c5 15. Be4 Rad8 16. Bxb7 Qxb7 17. dxc5 Nxc5 18. Qe2 Ne6 19. Rad1 Qc6 20.
Rxd8 Rxd8 21. Nd1 Bf6 22. c3 h5 23. Bc1 Kg7 24. Ne3 Qe4 25. Nc2 Qf5 26. Nb4
Nc5 27. Be3 Rd6 1/2-1/2

[Event "36th Olympiad w"]
[Site "Calvia ESP"]
[Date "2004.10.17"]
[Round "3"]
[White "Caoili,A"]
[Black "Nekrasova,E"]
[Result "1/2-1/2"]
[WhiteElo "2250"]
[BlackElo "2107"]
[EventDate "2004.10.15"]

1. d4 Nf6 2. c4 g6 3. Nc3 Bg7 4. e4 d6 5. Nf3 O-O 6. Be2 Na6 7. O-O e5 8.
Be3 Ng4 9. Bg5 Qe8 10. dxe5 dxe5 11. h3 f6 12. Bd2 Nh6 13. Nd5 c6 14. Nc3
Qe7 15. a3 Nc5 16. b4 Ne6 17. c5 Nf7 18. Be3 Rd8 19. Qb1 Nd4 20. Rd1 f5 21.
Re1 Be6 22. Bd1 f4 23. Bc1 Rd7 24. Na4 Rad8 25. Bb2 Ng5 26. Bxd4 exd4 27.
Nxg5 Qxg5 28. Bb3 Re8 29. Bxe6+ Rxe6 30. Qd3 Be5 1/2-1/2

[Event "36th Olympiad w"]
[Site "Calvia ESP"]
[Date "2004.10.17"]
[Round "3"]
[White "Khamrakulova,I"]
[Black "Quinn,De"]
[Result "1-0"]
[WhiteElo "2217"]
[BlackElo "2036"]
[EventDate "2004.10.15"]

1. e4 e5 2. Nf3 Nc6 3. d4 exd4 4. Nxd4 Nf6 5. Nxc6 bxc6 6. e5 Qe7 7. Qe2
Nd5 8. c4 Ba6 9. Nd2 O-O-O 10. b3 Re8 11. Bb2 d6 12. Qg4+ Kb7 13. cxd5 Bxf1
14. dxc6+ Kxc6 15. Kxf1 dxe5 16. Qe4+ 1-0

[Event "36th Olympiad w"]
[Site "Calvia ESP"]
[Date "2004.10.17"]
[Round "3"]
[White "Shukurova,M"]
[Black "Cinar Corlulu,N"]
[Result "1-0"]
[WhiteElo "2281"]
[BlackElo "2053"]
[EventDate "2004.10.15"]

1. d4 d5 2. c4 e6 3. Nf3 Nf6 4. Nc3 c5 5. Bf4 cxd4 6. Nxd4 Nc6 7. Ndb5 e5
8. cxd5 exf4 9. dxc6 bxc6 10. Nd4 Qb6 11. Qd2 Be7 12. Nb3 Qc7 13. g3 fxg3
14. hxg3 a5 15. Bg2 O-O 16. Qc2 h6 17. Rc1 Qb6 18. Ne4 Bb4+ 19. Kf1 Nxe4
20. Bxe4 Bb7 21. Kg2 Rfe8 22. Bf3 a4 23. Nc5 Bxc5 24. Qxc5 Qa6 25. Rhd1 Re6
26. Rd7 Rae8 27. Rcd1 Re5 28. Qb4 Rb5 29. Qf4 Rf8 30. Rxf7 Qa8 31. Rdd7 1-0

[Event "36th Olympiad w"]
[Site "Calvia ESP"]
[Date "2004.10.17"]
[Round "3"]
[White "Topel,Z"]
[Black "Khudaverdieva,A"]
[Result "1-0"]
[WhiteElo "2062"]
[BlackElo "2086"]
[EventDate "2004.10.15"]

1. c4 Nf6 2. Nc3 d5 3. cxd5 Nxd5 4. g3 g6 5. Bg2 Nxc3 6. bxc3 Bg7 7. Nf3
O-O 8. O-O Nd7 9. d4 c5 10. Bf4 Qa5 11. Qb3 cxd4 12. cxd4 e5 13. Bd2 Qa6
14. Bb4 Rd8 15. Ng5 Nf6 16. Qxf7+ Kh8 17. Qb3 Rd7 18. dxe5 Ng4 19. e6 Bxa1
20. exd7 Bxd7 21. Rxa1 Rc8 22. Bxb7 Qf6 23. Rf1 Rc7 24. Ne4 Qe6 25. Bd5 1-0

[Event "36th Olympiad w"]
[Site "Calvia ESP"]
[Date "2004.10.17"]
[Round "3"]
[White "Lomibao,S"]
[Black "Siti,Z"]
[Result "1-0"]
[WhiteElo "2089"]
[BlackElo "2162"]
[EventDate "2004.10.15"]

1. e4 e5 2. Bc4 Nf6 3. d3 Nc6 4. Nc3 Bc5 5. f4 d6 6. f5 Na5 7. Bg5 c6 8.
Qf3 b5 9. Bb3 Bb7 10. g4 Nxb3 11. axb3 Qb6 12. Nge2 Nd7 13. h4 h6 14. Bd2
O-O-O 15. Nd1 b4 16. Ne3 d5 17. O-O-O a5 18. Ng3 a4 19. bxa4 Bxe3 20. Qxe3
d4 21. Qe1 b3 22. Ba5 Qc5 23. Rh2 Rhe8 24. Kb1 Nf6 25. cxb3 Nxg4 26. Rc2
Qe7 27. Rdc1 Kd7 28. b4 Rb8 29. Rc5 Rec8 30. b5 Qxh4 31. Bb6 Qg5 32. Ba7
Ra8 33. Qa5 Qd8 34. bxc6+ Bxc6 35. Qa6 Rxa7 36. Qxa7+ Rc7 37. Qb6 Qa8 38.
a5 Rc8 39. b4 Qb7 40. Rxc6 1-0

[Event "36th Olympiad w"]
[Site "Calvia ESP"]
[Date "2004.10.17"]
[Round "3"]
[White "Nur Shazwani,Z"]
[Black "Mendoza,B"]
[Result "1/2-1/2"]
[WhiteElo "2062"]
[BlackElo "2131"]
[EventDate "2004.10.15"]

1. e4 e5 2. Nf3 Nc6 3. Bc4 Bc5 4. c3 Nf6 5. d3 d6 6. O-O O-O 7. Bg5 Bb6 8.
Nbd2 Ne7 9. d4 Ng6 10. Qc2 h6 11. Be3 Qe7 12. Rfe1 Kh8 13. Nf1 Nh5 14. Qd1
Nhf4 15. Ng3 Qf6 16. h3 Be6 17. Bb3 Rad8 18. Nh2 Nh4 19. Bxf4 exf4 20. Nf5
Nxf5 21. exf5 Qxf5 22. Qf3 c6 23. Re4 Bxb3 24. axb3 d5 25. Rxf4 Qc2 26. b4
Qxb2 27. Re1 Rd7 28. Ng4 Bc7 29. Rf5 Qd2 30. Rd1 Qc2 31. Re1 Qd2 32. Rd1
Qc2 33. Re1 1/2-1/2

[Event "36th Olympiad w"]
[Site "Calvia ESP"]
[Date "2004.10.17"]
[Round "3"]
[White "Chang,S"]
[Black "Titova Boric,E"]
[Result "0-1"]
[WhiteElo "2095"]
[BlackElo "2252"]
[EventDate "2004.10.15"]

1. d4 f5 2. Nc3 g6 3. e4 fxe4 4. Nxe4 Bg7 5. Nf3 Nf6 6. Nxf6+ exf6 7. Bd3
O-O 8. O-O d5 9. h3 Nc6 10. c3 Ne7 11. Re1 Bf5 12. Bf1 c6 13. g4 Bd7 14.
Bf4 Rf7 15. Qd2 g5 16. Bg3 Qc8 17. Bd6 Ng6 18. c4 Bf8 19. Bg3 a5 20. a3 Ne7
21. c5 h5 22. gxh5 Bxh3 23. b4 axb4 24. axb4 Rxa1 25. Rxa1 Bxf1 26. Kxf1
Qg4 27. Kg2 Qxh5 28. Rh1 Qg6 29. Qe2 Qe4 30. Qxe4 dxe4 31. Nd2 f5 32. Be5
Nd5 33. Nxe4 fxe4 0-1

[Event "36th Olympiad w"]
[Site "Calvia ESP"]
[Date "2004.10.17"]
[Round "3"]
[White "Dengler,D"]
[Black "Ribeiro,Re"]
[Result "0-1"]
[WhiteElo "2123"]
[BlackElo "2076"]
[EventDate "2004.10.15"]

1. d4 e6 2. Nf3 c5 3. e3 Nf6 4. Bd3 Nc6 5. a3 Qc7 6. O-O b6 7. Nbd2 Bb7 8.
b3 Be7 9. Bb2 O-O 10. Ne5 cxd4 11. exd4 d6 12. Nef3 Nd5 13. Re1 Nf4 14. Bf1
Rac8 15. Rc1 Nb8 16. c4 Qd8 17. b4 Nd7 18. Qb3 Nf6 19. Qe3 Ng6 20. Bd3 Ng4
21. Qe2 Nf4 22. Qf1 Nxd3 23. Qxd3 Rc7 24. h3 Nf6 25. Qb3 h6 26. a4 Qa8 27.
a5 bxa5 28. b5 Rfc8 29. Bc3 Ne4 30. Nxe4 Bxe4 31. Bxa5 Rd7 32. Bb4 Bf6 33.
Red1 Qb7 34. Ne1 d5 35. Bc5 dxc4 36. Qxc4 a5 0-1

[Event "36th Olympiad w"]
[Site "Calvia ESP"]
[Date "2004.10.17"]
[Round "3"]
[White "Cruz,Ev"]
[Black "Dedijer,S"]
[Result "0-1"]
[WhiteElo "2036"]
[BlackElo "2064"]
[EventDate "2004.10.15"]

1. d4 d5 2. Nf3 Nf6 3. Bg5 c6 4. e3 Bf5 5. Be2 Nbd7 6. O-O e6 7. c4 Bd6 8.
Nc3 h6 9. Bh4 O-O 10. Rc1 Qe7 11. c5 Bc7 12. Qb3 Rab8 13. Qa4 a6 14. Rfd1
e5 15. Bg3 Ne4 16. Nxe4 dxe4 17. Nxe5 Nxe5 18. Bxe5 Bxe5 19. dxe5 Qxe5 20.
Qd4 Qe7 21. Qd6 Qg5 22. Qc7 Be6 23. Bc4 Bxc4 24. Rxc4 Rbd8 25. Rcd4 Rxd4
26. exd4 e3 27. fxe3 Qxe3+ 28. Kf1 Re8 29. Ra1 Qe2+ 30. Kg1 Qxb2 31. Rf1
Qxd4+ 32. Kh1 Qc4 33. Rb1 Qxa2 34. Qxb7 Qf2 35. Qb4 Re2 36. Rg1 Rc2 37.
Qb8+ Kh7 38. Qb1 g6 39. Qb3 Rxc5 40. Qa4 Re5 41. Qa1 Re2 42. Qc1 c5 43. Qa1
c4 44. Qc1 a5 45. Qa1 a4 46. Qc1 a3 47. h3 a2 48. Qa1 0-1

[Event "36th Olympiad w"]
[Site "Calvia ESP"]
[Date "2004.10.17"]
[Round "3"]
[White "Berend,E"]
[Black "Zapata,K"]
[Result "1-0"]
[WhiteElo "2307"]
[BlackElo "2162"]
[EventDate "2004.10.15"]

1. e4 d6 2. d4 Nf6 3. Nc3 g6 4. Be3 c6 5. h3 Nbd7 6. Nf3 Qc7 7. a4 Bg7 8.
Qd2 O-O 9. Bh6 Re8 10. Bxg7 Kxg7 11. Bd3 e5 12. O-O Nf8 13. Rfe1 Ne6 14.
Bf1 h6 15. Rad1 Nf4 16. dxe5 dxe5 17. Qd6 Qxd6 18. Rxd6 g5 19. a5 Rb8 20.
b3 g4 21. hxg4 Bxg4 22. Nh2 Re6 23. Rd2 Re7 24. Nxg4 Nxg4 25. Red1 Ne6 26.
Ne2 Kg6 27. b4 c5 28. b5 Nd4 29. Nc1 Nf6 30. f3 h5 31. c3 Ne6 32. Bc4 Ng5
33. Rd8 Rxd8 34. Rxd8 Re8 35. Rd6 Re7 36. Nd3 Kg7 37. Bd5 Ne8 38. Rd8 Nc7
39. c4 Nge6 40. Rb8 Nxd5 41. exd5 Nd4 42. d6 Rd7 43. Nxe5 Rxd6 44. Rxb7 Re6
45. Rxf7+ Kg8 46. Rd7 Rxe5 47. a6 Re1+ 48. Kh2 Rb1 49. Rb7 Ra1 50. Rxa7 Ra2
51. Rb7 1-0

[Event "36th Olympiad w"]
[Site "Calvia ESP"]
[Date "2004.10.17"]
[Round "3"]
[White "Aliaga Fernandez,I"]
[Black "Bakalarz,G"]
[Result "0-1"]
[WhiteElo "2141"]
[BlackElo "2035"]
[EventDate "2004.10.15"]

1. d4 Nf6 2. Nf3 g6 3. e3 Bg7 4. c4 d5 5. Nc3 O-O 6. Be2 c6 7. O-O Nbd7 8.
cxd5 Nxd5 9. e4 Nxc3 10. bxc3 c5 11. Be3 Qa5 12. Qc2 a6 13. Nd2 Qc7 14.
Rac1 b5 15. f4 Bb7 16. Bf3 Rac8 17. d5 Nb6 18. c4 Bd4 19. Qd3 Bxe3+ 20.
Qxe3 b4 21. e5 Qd7 22. Ne4 Na4 23. h3 f5 24. Ng5 Rfe8 25. Qf2 h6 26. Ne6
Kh7 27. Qh4 Nc3 28. Rf2 a5 29. g4 Ba6 30. g5 h5 31. Bxh5 Rh8 32. Bf3+ Kg8
33. Qg3 Bxc4 34. Rd2 a4 35. Bg2 Bb5 36. Rxc3 bxc3 37. Qxc3 c4 38. d6 Qa7+
39. Kh2 Kh7 40. Nd4 Be8 41. Bd5 exd6 42. exd6 Bf7 43. Bg2 a3 44. Nf3 Rcd8
45. Ne5 Be8 46. d7 Rxd7 47. Nxd7 Bxd7 48. Qf6 Ba4 49. Bd5 Qc7 50. Kg3 Re8
51. Bf7 Re3+ 52. Kg2 Qc6+ 53. Qxc6 Bxc6+ 54. Kf2 Rxh3 55. Bxc4 Rf3+ 56. Ke1
Rxf4 57. Bb3 Re4+ 58. Kf1 Rg4 59. Rd6 Bg2+ 60. Kf2 Rxg5 61. Ra6 Be4 62.
Rxa3 f4 63. Ra4 Re5 64. Rc4 Kh6 65. a4 g5 66. Bd1 Bf5 67. Rc6+ Re6 68. Rc4
Kg6 69. Bb3 Rd6 70. Rc7 g4 71. a5 Be4 72. Rc4 g3+ 73. Kg1 Kf5 74. Rc8 f3
75. Rc1 Kf4 76. Rc3 f2+ 77. Kf1 Bd3+ 0-1

[Event "36th Olympiad w"]
[Site "Calvia ESP"]
[Date "2004.10.17"]
[Round "3"]
[White "Lagvilava,G"]
[Black "Charmova,E"]
[Result "1-0"]
[WhiteElo "2299"]
[BlackElo "2047"]
[EventDate "2004.10.15"]

1. e4 c5 2. Nc3 Nc6 3. g3 g6 4. Bg2 Bg7 5. d3 e6 6. Be3 d6 7. Nf3 Nf6 8. h3
O-O 9. O-O Rb8 10. d4 b6 11. Re1 Bb7 12. dxc5 dxc5 13. Qc1 e5 14. Bg5 Qe7
15. Nh2 Qe6 16. Nd5 Ne7 17. c4 Qd6 18. Bh6 Nfxd5 19. Bxg7 Kxg7 20. exd5 Nf5
21. Nf3 f6 22. a3 Nd4 23. Nxd4 exd4 24. Re6 Qd7 25. Qf4 Rbe8 26. Rae1 Rxe6
27. Rxe6 Rf7 28. b3 Qd8 29. Qe4 Kf8 30. Qf4 Kg7 31. Bf1 Bc8 32. Re1 Re7 33.
Rd1 Bf5 34. b4 Re4 35. Qd2 h5 36. bxc5 bxc5 37. Rb1 Re2 38. Rb7+ Re7 39.
Rb5 Qc8 40. Kh2 Rb7 41. a4 Bd7 42. Rxb7 Qxb7 43. a5 Bf5 44. Qf4 Qd7 45. a6
g5 46. Qf3 Kg6 47. Be2 g4 48. hxg4 Bxg4 49. Bd3+ Bf5 50. Bf1 Qd6 51. Be2
Bg4 52. Qe4+ f5 53. Qe8+ Kh7 54. Bxg4 hxg4 55. Qf7+ Kh8 56. Qxf5 Qh6+ 57.
Kg2 Qxa6 58. Qh5+ Kg7 59. Qxg4+ Kf7 60. Qd7+ Kf6 61. Qd8+ Kg6 62. Qb8 Kf5
63. Qf8+ Qf6 64. Qxc5 d3 65. Qe3 Qc3 66. Qe6+ Kg5 67. f4+ Kh5 68. g4+ 1-0

[Event "36th Olympiad w"]
[Site "Calvia ESP"]
[Date "2004.10.17"]
[Round "3"]
[White "Smith,V"]
[Black "Eidelson,R"]
[Result "0-1"]
[WhiteElo "1966"]
[BlackElo "2268"]
[EventDate "2004.10.15"]

1. d4 Nf6 2. Nf3 g6 3. g3 Bg7 4. Bg2 O-O 5. O-O c6 6. c4 d6 7. Nc3 Qb6 8.
Qc2 Qa6 9. b3 b5 10. cxb5 cxb5 11. a4 b4 12. Nb5 Bf5 13. Qb2 Qb7 14. Nh4
Be4 15. Bf3 Bc6 16. Ng2 e5 17. e4 a6 18. dxe5 Ng4 0-1

[Event "36th Olympiad w"]
[Site "Calvia ESP"]
[Date "2004.10.17"]
[Round "3"]
[White "Popova,N"]
[Black "Courtney,H"]
[Result "1-0"]
[WhiteElo "2246"]
[BlackElo "2050"]
[EventDate "2004.10.15"]

1. e4 d5 2. exd5 Nf6 3. c4 g6 4. Nc3 Bg7 5. Nf3 O-O 6. Be2 Nbd7 7. d4 Re8
8. O-O e6 9. dxe6 Rxe6 10. h3 Ne4 11. Nxe4 Rxe4 12. Be3 Nb6 13. Qd2 Be6 14.
Rac1 Bf5 15. Bd3 Re6 16. Rfd1 Bxd3 17. Qxd3 c6 18. b3 Qe7 19. Re1 Qc7 20.
Rcd1 Rd8 21. Bg5 Rde8 22. Rxe6 Rxe6 23. Bd2 Re8 24. Re1 Rxe1+ 25. Nxe1 Qe7
26. Qe3 Qd8 27. Nf3 Nc8 28. Bb4 a6 29. Qe4 Nb6 30. Ba5 c5 31. Qxb7 cxd4 32.
Qxb6 Qxb6 33. Bxb6 d3 34. Be3 Bc3 35. Bd2 Bf6 36. Ne1 Be7 37. Nxd3 Kf8 38.
Bb4 1-0

[Event "36th Olympiad w"]
[Site "Calvia ESP"]
[Date "2004.10.17"]
[Round "3"]
[White "Ortiz,Na"]
[Black "Hernandez,Ya"]
[Result "1-0"]
[WhiteElo "2148"]
[BlackElo "2248"]
[EventDate "2004.10.15"]

1. e4 c5 2. c3 d5 3. exd5 Qxd5 4. d4 Nf6 5. Nf3 g6 6. Be3 Bg7 7. Na3 cxd4
8. Nb5 Na6 9. Nbxd4 O-O 10. Be2 Ng4 11. Bc1 Nc5 12. O-O Bd7 13. h3 Nf6 14.
Be3 a6 15. c4 Qd6 16. b4 Nce4 17. Qb3 e5 18. c5 Qc7 19. Nc2 Be6 20. Bc4
Bxc4 21. Qxc4 Nd6 22. Qb3 Nf5 23. Rad1 Rac8 24. Na3 Nxe3 25. Qxe3 e4 26.
Nh2 Rcd8 27. Rxd8 Rxd8 28. Nc4 Rd3 29. Qe2 Qf4 30. Rd1 Qf5 31. Nf1 Nd5 32.
Ng3 Nc3 33. Qxd3 exd3 34. Nxf5 Nxd1 35. Nxg7 Kxg7 36. Kf1 Nc3 37. a3 Kf6
38. Ke1 Ke6 39. Kd2 Ne4+ 40. Kxd3 Nxf2+ 41. Ke3 Nd1+ 42. Kd2 Nf2 43. Na5
Kd5 44. Nxb7 f5 45. Nd6 a5 46. Ke2 axb4 47. axb4 Nh1 48. Kf3 f4 49. Ne4 g5
50. b5 Ng3 51. Nxg3 Kxc5 52. Ne4+ 1-0

[Event "36th Olympiad w"]
[Site "Calvia ESP"]
[Date "2004.10.17"]
[Round "3"]
[White "Garcia Garcia,E"]
[Black "Franco,A"]
[Result "0-1"]
[WhiteElo "2051"]
[BlackElo "2046"]
[EventDate "2004.10.15"]

1. e4 e5 2. Nf3 Nc6 3. d4 exd4 4. Nxd4 Bc5 5. Be3 Qf6 6. c3 Nge7 7. Bc4 Bb6
8. Nc2 Qg6 9. O-O Qxe4 10. Nd2 Qg6 11. Re1 O-O 12. Bxb6 axb6 13. Nd4 d6 14.
Nb5 Bh3 15. Qf3 Bg4 16. Qf4 Rac8 17. Nf3 Bxf3 18. Qxf3 Ne5 19. Qe4 Nf5 20.
Bd3 Nxd3 21. Qxd3 Qg5 22. g3 Qf6 23. Rad1 Rfd8 24. Qf3 c6 25. Nd4 Nxd4 26.
Qxf6 gxf6 27. Rxd4 Kf8 28. Kf1 d5 29. Rf4 Rd6 30. g4 c5 31. Rd1 b5 32. Rf5
Rcd8 33. Ke2 Re8+ 34. Kf3 Re5 35. Rf4 Ke7 36. a3 Rc6 37. Rd2 Ke6 38. h4 b6
39. Rf5 Rxf5+ 40. gxf5+ Ke7 0-1

[Event "36th Olympiad w"]
[Site "Calvia ESP"]
[Date "2004.10.17"]
[Round "3"]
[White "Palao,M"]
[Black "Guerrero Rodriguez,Alej"]
[Result "1-0"]
[WhiteElo "2128"]
[BlackElo "2102"]
[EventDate "2004.10.15"]

1. d4 g6 2. c4 Bg7 3. Nc3 Nf6 4. Nf3 O-O 5. Bf4 c5 6. e3 Qa5 7. Be2 d5 8.
O-O cxd4 9. exd4 Nc6 10. Qb3 dxc4 11. Bxc4 Bg4 12. Ng5 Nxd4 13. Bxf7+ Kh8
14. Qc4 Nh5 15. Be3 Nc2 16. Qxg4 Nxa1 17. Rxa1 Qe5 18. Rd1 Rad8 19. Rxd8
Rxd8 20. Bb3 Nf6 21. Nf7+ 1-0

[Event "36th Olympiad w"]
[Site "Calvia ESP"]
[Date "2004.10.17"]
[Round "3"]
[White "Hagesaether,E"]
[Black "Khaziyeva,D"]
[Result "1-0"]
[WhiteElo "2188"]
[BlackElo "2100"]
[EventDate "2004.10.15"]

1. Nf3 d6 2. g3 e5 3. d3 f5 4. Bg2 Nf6 5. O-O g6 6. c3 Bg7 7. e4 h6 8. Nh4
g5 9. Nxf5 Bxf5 10. exf5 c6 11. d4 exd4 12. Re1+ Kd7 13. Qb3 Kc8 14. Qe6+
Qd7 15. cxd4 d5 16. Nc3 Re8 17. Qxd7+ Kxd7 18. Rxe8 Nxe8 19. Be3 Na6 20. g4
Nd6 21. Bf1 Nc7 22. Rd1 Re8 23. b3 Bf6 24. a4 Ne4 25. Nxe4 Rxe4 26. h3 Ne8
27. Kg2 Nd6 28. Bd3 Re8 29. Bc2 b5 30. Bd3 b4 31. a5 Nb7 32. Bc2 Nd6 33. h4
Nb5 34. hxg5 hxg5 35. Rd3 Rg8 36. Kg3 Nc3 37. Kg2 Nb5 38. Bd1 Nc3 39. Bf3
Nb5 40. Be2 Be7 41. Bd1 Rg7 42. f4 gxf4 43. Bxf4 Nc3 44. Bf3 Nb5 45. Be5
Rf7 46. Kg3 Bg5 47. Bf4 Bf6 48. Be5 Bg5 49. Rd1 Rh7 50. Bg2 Kc8 51. Bf4 Bf6
52. g5 Bxd4 53. Bf1 Rh8 54. Be2 Kd8 55. Re1 Nc3 56. Bh5 Kc8 57. f6 Bc5 58.
Bg4+ Kb7 59. Bd7 Ne2+ 60. Kg4 Nxf4 61. Kxf4 Bd6+ 62. Kg4 c5 63. Kf5 c4 64.
g6 1-0

[Event "36th Olympiad w"]
[Site "Calvia ESP"]
[Date "2004.10.17"]
[Round "3"]
[White "Mongeau,D"]
[Black "Bjerke,S"]
[Result "1-0"]
[WhiteElo "2079"]
[BlackElo "2142"]
[EventDate "2004.10.15"]

1. d4 d5 2. Nf3 c6 3. c3 Nf6 4. Bg5 Ne4 5. Bf4 Nd7 6. Nbd2 Ndf6 7. Nxe4
Nxe4 8. Nd2 Bf5 9. f3 Nxd2 10. Qxd2 e6 11. g4 Bg6 12. Bg2 c5 13. O-O h5 14.
g5 h4 15. h3 Be7 16. e4 Rh5 17. exd5 exd5 18. Rfe1 Kf8 19. Re5 f6 20. gxf6
Bxf6 21. Rxh5 Bxh5 22. dxc5 Be7 23. b4 a5 24. Re1 Bf7 25. Rxe7 1-0

[Event "36th Olympiad w"]
[Site "Calvia ESP"]
[Date "2004.10.17"]
[Round "3"]
[White "Berntsen,S"]
[Black "Goutor,V"]
[Result "1-0"]
[WhiteElo "2118"]
[BlackElo "2013"]
[EventDate "2004.10.15"]

1. e4 c5 2. Nf3 d6 3. c3 Nf6 4. h3 Nc6 5. Bd3 g6 6. Bc2 Bg7 7. O-O O-O 8.
d4 b6 9. Re1 Nd7 10. Bg5 h6 11. Bh4 Re8 12. Na3 Ba6 13. Bd3 Bxd3 14. Qxd3
Qc7 15. d5 Nce5 16. Nxe5 Nxe5 17. Qe2 a6 18. f4 Nd7 19. c4 e6 20. Qc2 Bd4+
21. Bf2 e5 22. Bxd4 exd4 23. Qf2 Kg7 24. Nb1 Re7 25. Nd2 Rae8 26. Re2 b5
27. Rae1 Qa5 28. a3 Qa4 29. cxb5 axb5 30. h4 d3 31. Re3 c4 32. h5 Nf6 33.
hxg6 fxg6 34. Qf3 Qc2 35. e5 Nxd5 36. Qxd5 Qxd2 37. f5 dxe5 38. f6+ Kxf6
39. Rf3+ Kg7 40. Ref1 Qa5 41. Rf7+ Kh8 42. Rf8+ Rxf8 43. Rxf8+ Kg7 44. Qg8+
1-0

[Event "36th Olympiad w"]
[Site "Calvia ESP"]
[Date "2004.10.17"]
[Round "3"]
[White "Munoz,Do"]
[Black "Leite,C"]
[Result "0-1"]
[WhiteElo "1979"]
[BlackElo "2236"]
[EventDate "2004.10.15"]

1. e4 e5 2. Nf3 Nc6 3. Bc4 Be7 4. d3 Nf6 5. c3 O-O 6. O-O d6 7. h3 Na5 8.
Bb5 a6 9. Ba4 b5 10. Bc2 c5 11. Re1 Qc7 12. Nbd2 Nc6 13. Nf1 h6 14. Ne3 Be6
15. d4 cxd4 16. cxd4 Nxd4 17. Nxd4 exd4 18. Qxd4 Qc5 19. Qd2 Rac8 20. b3 d5
21. exd5 Nxd5 22. Qd3 Nf6 23. Bb2 Rfd8 24. Qe2 Qg5 25. Qf3 Nh5 26. Qe4 Nf6
27. Qf3 Bc5 28. Bxf6 Qxf6 29. Qxf6 gxf6 30. Be4 Rd4 31. Bf3 Rd2 32. Red1
Rcd8 33. Rxd2 Rxd2 34. Nd1 Ba3 35. Kf1 Bf5 36. Be2 Bc2 37. Ne3 Be4 38. Ke1
Bb4 39. Kf1 Bc5 40. a4 Bxe3 41. fxe3 Bxg2+ 42. Kxg2 Rxe2+ 43. Kf3 Rb2 44.
axb5 axb5 45. Ra8+ Kg7 46. Rb8 Rxb3 47. Rb6 Rb1 48. h4 b4 49. Ke2 h5 50.
Kd2 b3 51. Kc3 Kg6 52. e4 b2 53. Rb8 Re1 54. Rb7 Rxe4 55. Rxb2 Re5 56. Ra2
Kf5 57. Kd3 Rb5 58. Ke3 Rb6 59. Kd4 Kg4 60. Rf2 f5 61. Ke5 Rb3 62. Kf6 f4
63. Rd2 f3 64. Kg7 0-1